Conan Gray Knowledge Quiz - Statistics

General Stats
  • This quiz has been taken 492 times
    491 since last reset
  • The average score is 6 of 15
Answer Stats
Question Answer % Correct
What is his #1 most streamed song Heather
94%
What year was he born? 1998
63%
Has he ever been involved with the grammys? No
55%
Where was he born? Lemon Grove, California
54%
Who has Conan Gray opened for? Panic! at the disco
54%
Which artist was Conan Gray on stage with when he sang "The One That Got Away" Olivia Rodrigo
53%
What year did he put out his first song? 2018
43%
What month was Superache released in? June
38%
Which album of his has the most singles? Superache
31%
What year did he win a Shorty Award for Best YouTube Musician 2019
29%
Finish the lyric "Callin' me up when you're gettin' drunk | You say you're in love ---" "but what do you mean?"
27%
What did he trademark in 2018? Girlyboy, inc.
24%
How old was he when he started posting on YouTube 15
18%
How many times has he moved during childhood? 9
17%
What was the first single off Kid Krow? Checkmate
14%
No matching quizzes found
Score Distribution
Percent of People with Each Score
Percentile by Number Answered
Your Score History
You have not taken this quiz since the last reset